Loading...
| Literature - Drama | 0 | 4 | 0 | 0 | 40 | 100 | 128.50 | 0 | 4 |
| Literature - Long Fiction | 0 | 3 | 0 | 2 | 30 | 116 | 137.00 | 1 | 3 |
| Fine Arts - Other Fine Arts | 0 | 2 | 0 | 0 | 20 | 92 | 110.50 | 1 | 2 |
| Literature - Poetry | 0 | 2 | 0 | 0 | 20 | 116 | 124.50 | 0 | 2 |
| Literature - Misc Literature | 1 | 0 | 1 | 0 | 10 | 58 | 58.00 | 0 | 1 |
| Mythology | 0 | 1 | 0 | 0 | 10 | 119 | 119.00 | 0 | 1 |
| Fine Arts - Painting and Sculpture | 0 | 1 | 0 | 0 | 10 | 113 | 113.00 | 0 | 1 |
| Philosophy | 0 | 1 | 0 | 0 | 10 | 122 | 122.00 | 0 | 1 |
| Literature - Short Fiction | 0 | 1 | 0 | 0 | 10 | 122 | 122.00 | 0 | 1 |
| Fine Arts - Classical Music | 0 | 1 | 1 | 0 | 5 | 130 | 130.00 | 0 | 1 |
| History - World History | 0 | 0 | 1 | 0 | -5 | 0.00 | 0 | 0 | |
| Geography | 0 | 0 | 1 | 0 | -5 | 0.00 | 0 | 0 | |
| Social Science | 0 | 0 | 1 | 0 | -5 | 0.00 | 0 | 0 |